Chanson à trous : Michel Sardou - Les Lacs du Connemara - Statistiques

Statistiques générales
  • Ce quiz a été pris 457 fois
  • Le résultat moyen est 13 sur 16
Statistiques - réponses
Couplets Michel Sardou % Correct
10 Terre brûlée au vent Des landes de pierres Autour des lacs, c'est pour {les} {vivants} Un peu d'enfer, le Connemara
99%
1 Terre brûlée au vent Des landes de pierres Autour des lacs, c'est pour {les} {vivants} Un peu d'enfer, le Connemara
99%
3 Au printemps suivant, le ciel {irlandais} était en paix Maureen a plongé nue dans un lac du Connemara
93%
8 Là-bas, au Connemara On sait tout le prix du {silence}
93%
2 Des {nuages} {noirs} qui viennent du nord Colorent la terre, les lacs, les rivières C'est le décor du Connemara
91%
11 Des {nuages} {noirs} qui viennent du nord Colorent la terre, les lacs, les rivières C'est le décor du Connemara
91%
4 Sean Kelly s'est dit "je suis {catholique}", Maureen aussi L'église en granit de Limerick, Maureen a dit "oui"
91%
9 Là-bas, au Connemara On dit que la vie, c'est une {folie} Et que la {folie}, ça se danse
89%
7 Y avait les Connors, les O'Connolly, les Flaherty du Ring of Kerry Et de quoi {boire} trois jours et deux nuits
84%
56 De Tipperary, Barry-Connelly et de Galway Ils sont arrivés dans le {comté} du Connemara
76%
16 Là-bas, au Connemara On sait tout le prix de la {guerre}
75%
13 On y croit encore aux {monstres} des lacs Qu'on voit nager certains soirs d'été Et replonger pour l'éternité
75%
17 Là-bas, au Connemara On n'accepte pas La paix des Gallois Ni celle des {rois} {d'Angleterre}
73%
15 L'on y croit encore Que le jour viendra, il est tout près Où les Irlandais feront la paix autour de {la} {Croix}
66%
12 On y vit encore au temps des Gaëls et de Cromwell Au rythme {des} {pluies} et du soleil Aux pas des chevaux
56%
14 On y voit encore Des {hommes} {d'ailleurs} venus chercher Le repos de l'âme et pour le cœur, un goût de meilleur
48%
Aucun quiz correspondant
Distribution des résultats
% des personnes avec chaque résultat
Percentile par nombre de réponses
Votre historique - résultats
Vous n’avez pas pris ce quiz